| 000 | 00459cam a22001217a 4500 | ||
|---|---|---|---|
| 008 | 180718b1969 xxu||||| |||| 00| 0 eng d | ||
| 082 | _aR706x71 C16/St/12 | ||
| 100 | _aLoubser, Jan J. | ||
| 245 |
_aTask force on labour relations, study no.12 Industrial conversion and workers attitudes to change in different industries _cby Jan J. Loubser and Michael Fullan |
||
| 260 |
_aOttawa _bPrivy Council Office _c1969 |
||
| 300 | _axi, 270p | ||
| 700 | _aFullan, Michael | ||
| 999 |
_c496381 _d496381 |
||